000 00320nam a22001457a 4500
020 _a81-7478-635-X
082 _a920
_bSRI/M
100 _aSRINIVASAN,ARCHANA
245 _aMOST INFLUENTIAL BUSINESSMEN
250 _a2005
260 _aCHENNAI
_bSURA BOOKS
300 _a92
650 _aBIOGRAPHY
_zCHENNAI
942 _cBK
999 _c6458
_d6458